Homeri opera. (Record no. 186380)

MARC details
000 -LEADER
campo de control de longitud fija 01223nam a2200313 i 4500
001 - NÚMERO DE CONTROL
campo de control 186380
003 - IDENTIFICADOR DE NÚMERO DE CONTROL
campo de control SpMaBN
005 - FECHA Y HORA DE LA ÚLTIMA TRANSACCIÓN
campo de control 20260616130213.0
008 - DATOS DE LONGITUD FIJA--INFORMACIÓN GENERAL
campo de control de longitud fija 161102m19851986xxk |||| | grc
020 ## - NÚMERO INTERNACIONAL ESTÁNDAR DEL LIBRO
Número Internacional Estándar del Libro 0-19-814528-4
080 ## - NÚMERO DE LA CLASIFICACIÓN DECIMAL UNIVERSAL
Número de la Clasificación Decimal Universal 875-131"-08"
100 0# - ENTRADA PRINCIPAL--NOMBRE DE PERSONA
Nombre de persona Homero
9 (RLIN) 64112
245 10 - MENCIÓN DEL TÍTULO
Título Homeri opera.
Número de parte o sección de la obra I-II /
Mención de responsabilidad, etc. recognoverunt brevique adnotatione critica instruxerunt David B. Monro et Thomas W. Allen.
246 38 - FORMA VARIANTE DEL TITULO
Título propio/Titulo breve Iliadis
250 ## - MENCION DE EDICION
Mención de edición 3rd ed., repr.
260 ## - PUBLICACIÓN, DISTRIBUCIÓN, ETC.
Lugar de publicación, distribución, etc. Oxonii :
Nombre del editor, distribuidor, etc. E Typographeo Clarendoniano ;
Lugar de publicación, distribución, etc. Oxford :
Nombre del editor, distribuidor, etc. Oxford University Press,
Fecha de publicación, distribución, etc. 1985-1986.
300 ## - DESCRIPCIÓN FÍSICA
Extensión 2 v. (XXXII, 266 p.; 310 p.) ;
Dimensiones 19 cm.
490 1# - MENCIÓN DE SERIE
Mención de serie Scriptorum classicorum bibliotheca Oxoniensis
490 1# - MENCIÓN DE SERIE
Mención de serie Oxford classical texts
500 ## - NOTA GENERAL
Nota general Índice.
505 8# - NOTA DE CONTENIDO CON FORMATO
Nota de contenido con formato Contiene: v. 1 ;
Título Iliadis libros I-XII continens - v. 2 ;
-- Iliadis libros XIII-XXIV continens
546 ## - NOTA DE IDIOMA
Nota de lengua/lenguaje Texto griego; introducción y notas en latín.
700 1# - ENTRADA AGREGADA--NOMBRE PERSONAL
Nombre de persona Monro, David B.
9 (RLIN) 161145
700 1# - ENTRADA AGREGADA--NOMBRE PERSONAL
Nombre de persona Allen, Thomas William.
9 (RLIN) 161146
830 0# - PUNTO DE ACCESO ADICIONAL DE SERIE-TÍTULO UNIFORME
Título uniforme Scriptorum classicorum bibliotheca Oxoniensis
9 (RLIN) 185200
830 0# - PUNTO DE ACCESO ADICIONAL DE SERIE-TÍTULO UNIFORME
Título uniforme Oxford classical texts
9 (RLIN) 192539
852 ## - LOCALIZACIÓN
Ubicación ES-MaACL
Número de control de estantería L-30749-50
Nota libre - enc. cart.
-- . - Donat. Miguel A. Velasco
Holdings
Estatus retirado Estado de pérdida Estado de daño No para préstamo Biblioteca de origen Biblioteca actual Ubicación en estantería Fecha de adquisición Fuente de adquisición Total de préstamos Signatura topográfica completa Código de barras Visto por última vez Precio de reemplazo Tipo de ítem Koha
        Biblioteca del Ateneo de Madrid Biblioteca del Ateneo de Madrid Depósito 2 02/11/2016     L-30749-50 1196537 23/02/2023 23/02/2023 Libro impreso